000 00600nam a22001817a 4500
005 20251108171054.0
008 250721s1991 xx 000 0 ara d
082 1 4 _a291.072/ساي
100 1 _aالسايح، أحمد عبد الرحيم
245 1 0 _aبحوث في مقارنة الأديان :
_bالدين - نشأته- الحاجة اليه /
264 1 _aالدوحة :
_bدار الثقافة للنشر،
_c1991.
300 _a160ص
650 1 7 _aالديانات المقارنة
650 1 7 _aالبحث
650 1 7 _aأساليب البحث
942 _2ddc
_cBK
999 _c55878
_d55878